ბათუმის შოთა რუსთაველის სახელმწიფო უნივერსიტეტის ბიბლიოთეკა

ფილოსოფიური მოთხრობები. (ბიბ.ჩანაწერი № 39930)

000 -LEADER
fixed length control field 00697nam a2200205Ia 4500
001 - CONTROL NUMBER
control field 6536
003 - CONTROL NUMBER IDENTIFIER
control field GE_BSU
008 - FIXED-LENGTH DATA ELEMENTS--GENERAL INFORMATION
fixed length control field 181216s||||||||xx |||||||||||||| ||und||
040 ## - CATALOGING SOURCE
Transcribing agency GE_BSU
080 ## - UNIVERSAL DECIMAL CLASSIFICATION NUMBER
Universal Decimal Classification number 821.353.1-32
100 ## - MAIN ENTRY--PERSONAL NAME
Personal name ბეგიაშვილი,არჩილ.
245 ## - TITLE STATEMENT
Title ფილოსოფიური მოთხრობები.
245 ## - TITLE STATEMENT
Statement of responsibility, etc. რედ:მ.გეგია.
260 ## - PUBLICATION, DISTRIBUTION, ETC.
Place of publication, distribution, etc. თბილისი.
260 ## - PUBLICATION, DISTRIBUTION, ETC.
Name of publisher, distributor, etc. საქ. თეატრის მოღვაწეთა კავშირის სტ.
260 ## - PUBLICATION, DISTRIBUTION, ETC.
Date of publication, distribution, etc. 1990.
300 ## - PHYSICAL DESCRIPTION
Extent 184გვ;10სმ.
653 ## - INDEX TERM--UNCONTROLLED
Uncontrolled term ფილოსოფიური მოთხრობები.
942 ## - ADDED ENTRY ELEMENTS (KOHA)
Koha item type წიგნი
ეგზემპლარები
Withdrawn status Lost status Damaged status Not for loan Date acquired Barcode Date last seen Price effective from Koha item type
        2018-12-17 13990 2018-12-17 2018-12-17 წიგნი
        2018-12-17 13991 2018-12-17 2018-12-17 წიგნი
        2018-12-17 13992 2018-12-17 2018-12-17 წიგნი
        2018-12-17 13993 2018-12-17 2018-12-17 წიგნი
        2018-12-17 13994 2018-12-17 2018-12-17 წიგნი